000 004890000a22001690004500
003 MACL
005 20160311163441.0
008 160311b xxu||||| |||| 00| 0 eng d
040 _aMACL
_cMACL
041 _aHindi
082 _a891.433
100 _aजमाली सतीश
_943905
245 _aप्रतिबद्ध
260 _bचित्रलेखा प्रकाशन
_c1983
_aइलाहाबाद
650 _aNovel
_945080
942 _cHIN
_k891.433
_2ddc
999 _c28669
_d28669